El arte de dirigir proyectos
Salvato in:
| Autore principale: | |
|---|---|
| Natura: | Libro |
| Lingua: | spagnolo |
| Pubblicazione: |
Ciudad de México
Alfaomega
2007
|
| Edizione: | 2a. ed |
| Soggetti: | |
| Tags: |
Aggiungi Tag
Nessun Tag, puoi essere il primo ad aggiungerne!!
|
MARC
| LEADER | 00000nam a2200000 a 4500 | ||
|---|---|---|---|
| 001 | UCI6274 | ||
| 003 | CL-VaPUC | ||
| 008 | 080425e20070000MX |||||||||||||||||spa|d | ||
| 020 | |a 9789701512937 | ||
| 082 | 0 | 4 | |a 338.9 |b DIA |2 21 |
| 100 | 0 | |a Díaz Martín, Angel |e author |9 529034 | |
| 245 | 1 | 3 | |a El arte de dirigir proyectos |
| 250 | |a 2a. ed | ||
| 300 | |a 551 p | ||
| 942 | |c BK | ||
| 945 | |d 20080425 00:00:00 |a jtorresc | ||
| 260 | |a Ciudad de México |b Alfaomega |c 2007 | ||
| 650 | 0 | |a Proyectos de desarrollo |9 261582 | |
| 650 | 0 | |a Aspectos económicos |9 255165 | |
| 650 | 7 | |a CONTROL DEL PROYECTO |2 CL-VaPUC |9 529035 | |
| 650 | 7 | |a REVISION DEL PROYECTO |2 CL-VaPUC |9 529036 | |
| 650 | 7 | |a CONTRATISTAS |2 CL-VaPUC |9 401586 | |
| 650 | 7 | |a PLANIFICACION |2 CL-VaPUC |9 260802 | |
| 583 | |a last modification |c 20080425 00:00:00 |k Rodrigo Vera | ||
| 999 | |c 329799 |d 329797 | ||
| 952 | |0 0 |1 0 |4 0 |6 338_900000000000000_DIA_2007 |7 0 |8 A |9 414893 |a BIBENE |b BIBENE |d 2019-11-22 |i 4433319 |o 338.9 DIA 2007 |p 4433319 |r 2025-01-15 |w 2019-11-22 |y BK |k ICO | ||
| 952 | |0 0 |1 0 |4 0 |6 338_900000000000000_DIA_2007 |7 0 |8 A |9 414894 |a BIBMEC |b BIBMEC |d 2019-11-22 |i 4507452 |o 338.9 DIA 2007 |p 4507452 |r 2024-01-19 |w 2019-11-22 |y BK |k MEC | ||